书目信息 |
| 题名: |
红学探索
|
|
| 作者: | 刘世德 著 | |
| 分册: | ||
| 出版信息: | 北京 文化艺术出版社 2006.01 |
|
| 页数: | 482页 | |
| 开本: | 21cm | |
| 丛书名: | 名家解读红楼梦 | |
| 单 册: | ||
| 中图分类: | I207.411 | |
| 科图分类: | ||
| 主题词: | 红楼梦--hong lou meng--文学研究 | |
| 电子资源: | ||
| ISBN: | 7-5039-2914-6 | |
| 000 | 00937nam 2200265 450 | |
| 001 | 012008578630 | |
| 005 | 20080320144021.34 | |
| 010 | @a7-5039-2914-6@dCNY26.00 | |
| 100 | @a20080320d2006 km y0chiy0121 ea | |
| 101 | 0 | @achi |
| 102 | @aCN@b110000 | |
| 105 | @ay z 000yy | |
| 106 | @ar | |
| 200 | 1 | @a红学探索@Ahong xue tan suo@e刘世德论红楼梦@f刘世德著@Fliu shi de zhu |
| 210 | @a北京@c文化艺术出版社@d2006.01 | |
| 215 | @a482页@d21cm | |
| 225 | 2 | @a名家解读红楼梦@Aming jia jie du hong lou meng |
| 330 | @a本书探讨了《红楼梦》的主题,曹雪芹佚著辨伪,曹雪芹画像辨伪,曹雪芹墓石的发现及其意义,关于曹良臣的几个问题,《红楼梦说梦》作者考等等。 | |
| 410 | 0 | @12001 @a名家解读红楼梦 |
| 517 | 1 | @a刘世德论红楼梦@Aliu shi de lun hong lou meng |
| 606 | 0 | @a红楼梦@Ahong lou meng@x文学研究 |
| 690 | @aI207.411@v4 | |
| 701 | 0 | @a刘世德@Aliu shi de@4著 |
| 801 | 0 | @aCN@bQSSK@c20080320 |
| 905 | @b20288345-48@dI207.411@eL670@f4 | |
| 红学探索:刘世德论红楼梦/刘世德著.-北京:文化艺术出版社,2006.01 |
| 482页;21cm.-(名家解读红楼梦) |
| ISBN 7-5039-2914-6:CNY26.00 |
| 本书探讨了《红楼梦》的主题,曹雪芹佚著辨伪,曹雪芹画像辨伪,曹雪芹墓石的发现及其意义,关于曹良臣的几个问题,《红楼梦说梦》作者考等等。 |
| ● |
| 相关链接 |
|
|
|
正题名:红学探索
索取号:I207.411/L670
 
预约/预借
| 序号 | 登录号 | 条形码 | 馆藏地/架位号 | 状态 | 备注 |
| 1 | 288345 | 202883451 | 文学库108/108文学库 9排7列2层/ [索取号:I207.411/L670] | 在馆 | |
| 2 | 288346 | 202883460 | 文学库108/108文学库 9排7列2层/ [索取号:I207.411/L670] | 在馆 | |
| 3 | 288347 | 202883479 | 文学库108/400B社科库 29排2列2层/ [索取号:I207.411/L670] | 在馆 | |
| 4 | 288348 | 202883488 | 文学库108/108文学库 9排7列2层/ [索取号:I207.411/L670] | 在馆 |